000 00790nam a2200229Ii 4500
003 JO-AjNU
008 230605s9999||||xx |||||||||||||| ||und||
017 _a1982/3634
040 _aJO-AjNU
_bara
_erda
_cJO-AjNU
041 _aara
050 1 4 _aHF5437.1982
100 3 _aعبده، علي عبد الحميد,
_eauthor
_937730
245 0 0 _aادارة المشتريات والمخازن
250 _aط10
264 3 1 _aالقاهرة:دار النهضة العربية؛1982
300 _a500ص
_bيحتوي على ببلوغرافية من ص491-500ص
336 _atext
_btxt
_2rdacontent
337 _aunmediated
_bn
_2rdamedia
338 _avolume
_bnc
_2rdacarrier
490 0 _aمراجع ادارة الاعمال
650 4 _aالمخازن-ادارة الشراء
_937731
999 _aA15791
_c19359
_d19359